[Event "GER-ch U14"]
[Site "Willingen"]
[Date "2022.06.07"]
[Round "4"]
[White "Kieselbach, Jannik"]
[Black "Haubold, Christian Lucas"]
[Result "0-1"]
[WhiteElo "1631"]
[BlackElo "1944"]
[PlyCount "52"]
[EventDate "2022.06.04"]
[EventType "swiss"]
[EventRounds "9"]
[EventCountry "GER"]
[SourceTitle "CBM 208 Extra"]
[Source "ChessBase"]
[SourceDate "2022.07.31"]
[SourceVersion "1"]
[SourceVersionDate "2022.07.31"]
[SourceQuality "1"]

1. e4 e5 2. Nf3 Nc6 3. d4 exd4 4. Nxd4 Bc5 5. Be3 Qf6 6. c3 Nge7 7. Bc4 Ne5 8. Be2 Qg6 9. 0-0 d6 10. Nb5 Bh3 11. Bf3 0-0 12. Bxc5 dxc5 13. Nxc7 Rad8 14. Nd5 N7c6 15. Kh1 f5 16. gxh3 Nxf3 17. Qxf3 fxe4 18. Qd1 e3 19. f3 Qe6 20. Qe2 Rxd5 21. f4 Qe4+ 22. Kg1 Rxf4 23. Rxf4 Qxf4 24. h4 Rd6 25. h5 Qg5+ 26. Kh1 Qd5+ 0-1

[Event "GER-ch U14"]
[Site "Willingen"]
[Date "2021.08.25"]
[Round "4"]
[White "Kieselbach, Jannik"]
[Black "Amrhein, Dennis"]
[Result "1-0"]
[WhiteElo "1462"]
[BlackElo "1267"]
[PlyCount "93"]
[EventDate "2021.08.22"]
[EventType "swiss"]
[EventRounds "9"]
[EventCountry "GER"]
[SourceTitle "EXT 2022"]
[Source "ChessBase"]
[SourceDate "2021.10.06"]
[SourceVersion "1"]
[SourceVersionDate "2021.10.06"]
[SourceQuality "1"]

1. e4 d5 2. exd5 Qxd5 3. Nc3 Qa5 4. d4 Nf6 5. Bd3 Nc6 6. Nge2 Bg4 7. f3 Bf5 8. 0-0 Bxd3 9. Qxd3 0-0-0 10. Be3 e6 11. Ne4 Nd5 12. Bf2 Be7 13. a3 f5 14. Nd2 g5 15. c4 Nf4 16. Nxf4 gxf4 17. Rfe1 Nxd4 18. Bxd4 Rxd4 19. Qe2 Qxd2 20. Qxe6+ Kb8 21. Qxe7 a6 22. Qe6 Qxb2 23. Rab1 Qxa3 24. Qc6 b6 25. Rxb6+ cxb6 26. Qxb6+ Kc8 27. Qxd4 Rd8 28. Qxf4 Qd3 29. h3 Qd4+ 30. Qxd4 Rxd4 31. Rc1 Kc7 32. Kf2 Kc6 33. Ra1 Kb6 34. Ra4 Rd2+ 35. Kg3 a5 36. Kf4 Rb2 37. Kxf5 Rb4 38. Rxb4+ axb4 39. Ke4 b3 40. Kd3 b2 41. Kc2 Kc5 42. Kxb2 Kxc4 43. f4 Kd4 44. f5 Ke5 45. g4 h5 46. Kc3 hxg4 47. hxg4 1-0

[Event "GER Pfingstopen U16"]
[Site "Playchess.com INT"]
[Date "2020.06.05"]
[Round "10"]
[White "Bardorz, Jana"]
[Black "Kieselbach, Jannik"]
[Result "0-1"]
[WhiteElo "1749"]
[BlackElo "1606"]
[PlyCount "92"]
[EventDate "2020.06.05"]
[EventType "swiss (blitz)"]
[EventRounds "11"]
[EventCountry "GER"]
[SourceTitle "CBM 197 Extra"]
[Source "ChessBase"]
[SourceDate "2020.09.30"]
[SourceVersion "1"]
[SourceVersionDate "2020.09.30"]
[SourceQuality "1"]

1. e4 e6 2. d4 d5 3. e5 c5 4. c3 Nc6 5. Nf3 Bd7 6. Be2 Qb6 7. a3 cxd4 8. cxd4 Rc8 9. b4 Nge7 10. 0-0 Nf5 11. Bb2 Be7 12. g4 Nh6 13. h3 f6 14. exf6 gxf6 15. Re1 f5 16. g5 Rg8 17. h4 Nf7 18. Ne5 Ncxe5 19. dxe5 h6 20. Bd4 Qc7 21. Bh5 hxg5 22. Bxf7+ Kxf7 23. Qh5+ Kf8 24. Kh1 gxh4 25. Nd2 Qc2 26. Qh6+ Ke8 27. Rg1 Rxg1+ 28. Rxg1 Kd8 29. Rg8+ Be8 30. Qh8 Kd7 31. Qh6 Qd1+ 32. Kh2 Qe1 33. Rg7 Qc1 34. Bc5 Rxc5 35. bxc5 Qxc5 36. Qh7 Qxa3 37. Rxe7+ Qxe7 38. Qxe7+ Kxe7 39. Kh3 b5 40. Kxh4 a5 41. Kg3 a4 42. Kf3 a3 43. Nb3 b4 44. Ke3 Ba4 45. Nc5 a2 46. Nxa4 a1Q 0-1